[Event "Bratto op-A 27th"]
[White "Brun, Dario"]
[Black "Sax, Gyula"]
[Site "Bratto"]
[Round "9"]
[Result "0-1"]
[Date "2007.08.31"]
[WhiteElo "2207"]
[BlackElo "2522"]
[PlyCount "59"]
[EventDate "2007.08.23"]
[EventType "swiss"]
[EventRounds "9"]
[EventCountry "ITA"]
[SourceTitle "CBM 120 Extra"]
[Source "ChessBase"]
[SourceDate "2007.11.01"]
[SourceVersion "1"]
[SourceVersionDate "2007.11.01"]
[SourceQuality "1"]

1. d4 Nf6 2. c4 c5 3. d5 g6 4. Nc3 d6 5. e4 Bg7 6. Be2 0-0 7. Nf3 e6 8. 0-0 Re8 9. dxe6 Bxe6 10. Bf4 Bg4 11. Bxd6 Nxe4 12. Nxe4 Rxe4 13. Bxc5 Qc8 14. Be3 Bxb2 15. Rb1 Bg7 16. Qd5 Re7 17. Rfd1 Nc6 18. h3 Bf5 19. Bd3 Be6 20. Qb5 h6 21. Be2 Qe8 22. Bc5 Rc7 23. Bd6 Rd7 24. Bf4 Bd4 25. Nxd4 Nxd4 26. Qe5 Bf5 27. Bg4 Bxg4 28. Rxd4 Qxe5 29. Bxe5 Rxd4 30. Bxd4 0-1

[Event "Bratto op-A 27th"]
[White "Piscopo, Pierluigi"]
[Black "Brun, Dario"]
[Site "Bratto"]
[Round "8"]
[Result "0-1"]
[Date "2007.08.30"]
[WhiteElo "2392"]
[BlackElo "2207"]
[PlyCount "52"]
[EventDate "2007.08.23"]
[EventType "swiss"]
[EventRounds "9"]
[EventCountry "ITA"]
[SourceTitle "CBM 120 Extra"]
[Source "ChessBase"]
[SourceDate "2007.11.01"]
[SourceVersion "1"]
[SourceVersionDate "2007.11.01"]
[SourceQuality "1"]

1. Nc3 d5 2. e4 d4 3. Nce2 e5 4. Ng3 Be6 5. Nf3 Nd7 6. c3 c5 7. Bb5 Bd6 8. Nh5 Kf8 9. d3 a6 10. Ba4 b5 11. Bc2 f6 12. 0-0 Qe8 13. Ng3 Ne7 14. a4 h5 15. Bb3 c4 16. Ba2 h4 17. Nf5 Nxf5 18. exf5 Bxf5 19. cxd4 Bxd3 20. dxe5 Nxe5 21. Ne1 Rd8 22. Nxd3 Nxd3 23. Qf3 Qe5 24. g3 hxg3 25. hxg3 Bc5 26. Bd2 Nxf2 0-1

[Event "Bratto op-A 27th"]
[White "Brun, Dario"]
[Black "Brunello, Marina"]
[Site "Bratto"]
[Round "4"]
[Result "1/2-1/2"]
[Date "2007.08.26"]
[WhiteElo "2207"]
[BlackElo "1947"]
[PlyCount "114"]
[EventDate "2007.08.23"]
[EventType "swiss"]
[EventRounds "9"]
[EventCountry "ITA"]
[SourceTitle "CBM 120 Extra"]
[Source "ChessBase"]
[SourceDate "2007.11.01"]
[SourceVersion "1"]
[SourceVersionDate "2007.11.01"]
[SourceQuality "1"]

1. d4 d5 2. c4 e6 3. Nc3 Nf6 4. Bg5 Nbd7 5. e3 Be7 6. Nf3 0-0 7. Qc2 c5 8. 0-0-0 dxc4 9. Bxc4 a6 10. dxc5 Qc7 11. Ne4 Re8 12. Bf4 Qa5 13. Nd6 Bxd6 14. cxd6 b5 15. Bb3 Bb7 16. Qd2 Qb6 17. Kb1 a5 18. Bc2 a4 19. Qd4 Qa5 20. Ne5 b4 21. Bd3 Rec8 22. Rc1 Bd5 23. e4 Bb7 24. f3 Rab8 25. g4 Nxe5 26. Bxe5 Nd7 27. Bg3 e5 28. Qe3 Ba6 29. Bxa6 Qxa6 30. Rxc8+ Rxc8 31. Qd2 b3 32. Rc1 Rxc1+ 33. Qxc1 Qd3+ 34. Ka1 Qc2 35. Qb1 Qd2 36. Qe1 Qxd6 37. Bf2 Nb6 38. Bxb6 Qxb6 39. Qd1 g6 40. Kb1 Qe3 41. h4 Kf8 42. Qd6+ Kg8 43. Qb8+ Kg7 44. Qxe5+ Kg8 45. axb3 axb3 46. Qc3 Qg1+ 47. Qc1 Qb6 48. Qc8+ Kg7 49. Qc3+ Kg8 50. h5 Qb5 51. Qc8+ Kg7 52. Qc3+ Kf8 53. Kc1 Qf1+ 54. Kd2 Qf2+ 55. Kd1 Qf1+ 56. Kd2 Qf2+ 57. Kd1 Qf1+ 1/2-1/2

[Event "Bratto op-A 27th"]
[White "Pulvirenti, Gianni"]
[Black "Brun, Dario"]
[Site "Bratto"]
[Round "1"]
[Result "0-1"]
[Date "2007.08.23"]
[WhiteElo "1987"]
[BlackElo "2207"]
[PlyCount "52"]
[EventDate "2007.08.23"]
[EventType "swiss"]
[EventRounds "9"]
[EventCountry "ITA"]
[SourceTitle "CBM 120 Extra"]
[Source "ChessBase"]
[SourceDate "2007.11.01"]
[SourceVersion "1"]
[SourceVersionDate "2007.11.01"]
[SourceQuality "1"]

1. d4 d5 2. c4 c6 3. Nc3 dxc4 4. a4 e5 5. dxe5 Qxd1+ 6. Nxd1 Na6 7. Bd2 Be6 8. Nf3 Nc5 9. Nc3 0-0-0 10. g3 Ne7 11. Bg2 Nd5 12. 0-0 Nb3 13. Rad1 Nb6 14. Bg5 Rxd1 15. Rxd1 Bb4 16. Be3 Bxc3 17. bxc3 Nxa4 18. Rd6 Nxc3 19. Ng5 Nb5 20. Rd1 Rd8 21. Rxd8+ Kxd8 22. Nxe6+ fxe6 23. Be4 c3 24. Kf1 Nd2+ 25. Bxd2 cxd2 26. Bc2 Nc3 0-1